Стенограмма 2-го Заседания Союзного Совета 3-й Сессии ЦИК СССР 7-го созыва. /Вечер/ /Авторско-редакцион./

Доступно только в Электронных читальных залах Найти на картеНа карте
RUSMARC
00004913nac2a22003253x 450
0010cf5f099-9024-4722-81b4-5c9584c6d6b9
00520210719190101.0
100##$a20210612l1937 k y0rusy50 ca
1010#$arus
102##$aRU
105##$ay z |||||
1220#$ad19370112
2001#$aСтенограмма 2-го Заседания Союзного Совета 3-й Сессии ЦИК СССР 7-го созыва. /Вечер/ /Авторско-редакцион./
$j12.01.1937
215##$a121 лист
251##$cДело
300##$aЗаголовок дела на папке: Стенограмма 2-го Заседания Союзного Совета 3-й Сессии ЦИК СССР VII созыва. 12 января 1937 года (вечер)
300##$aАвторско-редакционный экземпляр
300##$aТитульный лист находится перед обложкой
300##$aМашинописный и рукописный текст
330##$aВходит в раздел описи: VII-й Съезд Советов. 3-я Сессия ЦИК СССР
461#0$1001796d4672-8a00-4986-b488-6e42273792cc
$12001
$aЦЕНТРАЛЬНЫЙ ИСПОЛНИТЕЛЬНЫЙ КОМИТЕТ СССР (ЦИК СССР)
$1251
$cФонд
$1852
$j3316
$gР
462#0$10012246e4af-064a-4b66-b386-cae0ddb7fb2d
$12001
$aДела 7-го Съезда Советов и 1-й, 2-й, 3-й, 4-й Сессий 7-го созыва. 1935-1937 гг.
$vД. 180
$1251
$cОпись
$1852
$j7
5171#$aСтенограмма 2-го Заседания Союзного Совета 3-й Сессии ЦИК СССР VII созыва. 12 января 1937 года (вечер)
60101$3RU\NLR\AUTH\880357276
$aСССР
$bЦИК
60102$3RU\NLR\AUTH\880399377
$aСССР
$bЦИК
$bСозыв
$c7
$bСессия
$d3
60102$aСССР. ЦИК. Созыв (7). Сессия (3). Заседание Союзного Совета (2)
60101$3RU\NLR\AUTH\880399260
$aСССР
$bЦентральный исполнительный комитет
$bСоюзный Совет
801#0$aRU
$bGA_RF
801#1$aRU
$bГлавНИВЦ
$c20210612
$2rusmarc
801#2$aRU
$bПБ им. Б.Н. Ельцина
$c20210719
$gRCR
$2rusmarc
852##$aГА РФ
$j180
937##$d166421511
$hГАРФ
035##$aRuPRLIB51060635
856##$uhttp://readingroom.main.prlib.ru/item.aspx?id_node=n166421511&mode=full
Формат отображения